| 000 | 01179nam0a2200301 4500 | ||
|---|---|---|---|
| 001 | RU\NLR\BIBL_A\022286355 | ||
| 005 | 20260420012904.0 | ||
| 010 |
_a978-5-85383-975-5 _91000 |
||
| 021 |
_aRU _bКН-П-24-035629 _9КН-П-24-3583 |
||
| 035 | _a(NLR Aleph) 022286355 | ||
| 090 |
_a13661723 _c13661723 |
||
| 100 | _a20240730d2024 u y0rusy50 ca | ||
| 101 | 1 |
_arus _cund |
|
| 102 | _aRU | ||
| 105 | _aa z 000yy | ||
| 181 | 0 |
_ai _baxxe |
|
| 182 | 0 | _an | |
| 200 | 1 |
_aОсновы медицинской астрологии _fдоктор К. С. Чарак, магистр медицины (хирургия), член FRCS _gперевод - Наташа Билец-Кумар _gредактирование - Олег Толмачев |
|
| 203 |
_aТекст _bвизуальный _cнепосредственный |
||
| 210 |
_aЕкатеринбург _c[б. и.] _d2024 |
||
| 215 |
_a244, [1] с. _cил., табл. _d22 |
||
| 606 | 1 |
_aАстрология и медицина _92254849 _3RU\NLR\AUTH\661352314 |
|
| 686 | 1 | _aЭ391.211 | |
| 700 | 1 |
_aЧарак _bК. С. |
|
| 942 | _cBOOK | ||
| 980 | _aNB | ||